header

Keeping found things found (Record no. 122587)

MARC details
000 -LEADER
fixed length control field 01650nam a2200385Ia 4500
082 04 - DEWEY DECIMAL CLASSIFICATION NUMBER
Classification number 025.04
100 1# - MAIN ENTRY--AUTHOR NAME
Personal name Jones, William P.,
245 10 - TITLE STATEMENT
Title Keeping found things found
260 ## - PUBLICATION, DISTRIBUTION, ETC. (IMPRINT)
Place of publication Amsterdam ;
-- Boston :
Name of publisher Morgan Kaufmann Publishers,
Year of publication c2008.
300 ## - PHYSICAL DESCRIPTION
Number of Pages xvii, 430 p. :
Other physical details ill. (chiefly col.).
490 1# - SERIES STATEMENT
Series statement Morgan Kaufmann series in multimedia information and systems
Series statement Morgan Kaufmann series in interactive technologies
650 #0 - SUBJECT ADDED ENTRY--TOPICAL TERM
Topical Term Personal information management.
Topical Term Information retrieval.
Topical Term Privacy.
856 40 - ELECTRONIC LOCATION AND ACCESS
Uniform Resource Identifier http://site.ebrary.com/lib/rucke/Doc?id=10206107

No items available.

© 2026 Rongo University
Contact us: librarian | system librarian | Rongo university